000 00824nam a2200229 a 4500
001 48030
003 BD-RjUL
005 20211209054438.0
008 160811s2003 bg |||| ||| 000 0 ben d
020 _a9840743686
_c: Tk. 100.00
035 _a(BD-RjUL)48149
040 _aBD-RjUL
_bben
_cBD-RjUL
_dBD-RjUL
041 _aben
082 _223
_a782.42162
_bCHA 2003
245 1 0 _aচট্টগ্রামের কবিয়াল ও কবিগান /
_cএস. এম. নূর-উল-আলম
260 _aঢাকা :
_bবাংলা একাডেমী,
_c২০০৩
300 _a১২৮ পৃ. ;
_e২১ সেমি.
650 _aপল্লীগীতি
_9145650
650 _aFolk Songs
_9145651
700 _aএম. নূর-উল-আলম, এস. এম
_9145652
942 _2ddc
_cBK
999 _c48030
_d48030